America...America! ; (Record no. 152301)

MARC details
000 -LEADER
fixed length control field 00679nam a22002297a 4500
003 - CONTROL NUMBER IDENTIFIER
control field dpl
005 - DATE AND TIME OF LATEST TRANSACTION
control field 20180526171231.0
008 - FIXED-LENGTH DATA ELEMENTS--GENERAL INFORMATION
fixed length control field 180526b xxu||||| |||| 00| 0 eng d
010 ## - LIBRARY OF CONGRESS CONTROL NUMBER
LC control number A-895522
020 ## - INTERNATIONAL STANDARD BOOK NUMBER
International Standard Book Number 8170249260
Terms of availability 0.00
035 ## - SYSTEM CONTROL NUMBER
System control number A-895522
037 ## - SOURCE OF ACQUISITION
Source of stock number/acquisition BPPD/PUb
040 ## - CATALOGING SOURCE
Transcribing agency 0
082 ## - DEWEY DECIMAL CLASSIFICATION NUMBER
Classification number 973
100 ## - MAIN ENTRY--PERSONAL NAME
Personal name Vora, Batuk
245 ## - TITLE STATEMENT
Title America...America! ;
Statement of responsibility, etc by Batuk Vora
Remainder of title you know what I mean!!
260 ## - PUBLICATION, DISTRIBUTION, ETC. (IMPRINT)
Place of publication, distribution, etc New Delhi
Name of publisher, distributor, etc APH Publishing
Date of publication, distribution, etc 1998
270 ## - ADDRESS
Address 5, Ansari Road Daryaganj
City Delhi
State or province New Delhi
Postal code 110002
300 ## - PHYSICAL DESCRIPTION
Extent x, 239p.
Dimensions 22 cm.(Hb)
500 ## - GENERAL NOTE
General note Includes bibliographical references
942 ## - ADDED ENTRY ELEMENTS (KOHA)
Institution code [OBSOLETE] dpl
Koha item type English Books
Call number prefix 973 /VOR
Source of classification or shelving scheme Dewey Decimal Classification
Classification part 973
Call number suffix VOR
Holdings
Withdrawn status Lost status Source of classification or shelving scheme Damaged status Not for loan Collection code Home library Current library Date acquired Source of acquisition Cost, normal purchase price Total Checkouts Full call number Barcode Date last seen Cost, replacement price Price effective from Koha item type
    Dewey Decimal Classification     Non-fiction Shahdara Branch Shahdara Branch 26/05/2018 BPPD/PUB 0.00   973 VOR A-895522 26/05/2018 0.00 26/05/2018 English Books

© Delhi Public Library
Hit Counter
free hit counter